000
00474nam a2200145Ia 4500
008
100204s9999 xx 000 0 und d
082
_b
10698
100
_a
कुलकर्णी स्नेहसुधा
245
_a
उजेडाची झाडे
260
_b
नीहारा प्रकाशन पुणे
_c
1988
300
_a
113
630
_a
उजेडाची झाडे
730
_a
उजेडाची झाडे
942
_c
BOOK
999
_c
455134
_d
455131